000 00759nam a22002177a 4500
999 _c64446
_d64446
005 20240530110732.0
008 180417s2017 ua f 001 |dara d
017 _a2017/3815
_bمصر. دار الكتب
020 _a9789779111483
040 _aEG-CaGPL
_cEG-CaGPL
082 0 4 _221
_a781.542/
_bإ ف
100 0 _aايهاب صبرى
245 1 0 _aفن الموسيقى السينمائية /
_cايهاب صبرى
260 _aالقاهرة :
_bالهيئة المصرية العامة للكتاب ،
_c2017.
300 _a193 ص. ؛
_c24 سم.
650 0 7 _2qrmak
_aالموسيقى
650 0 7 _2qrmak
_aالموسيقى التصويرية للافلام
651 _2qrmak
942 _2ddc
_cBK